BIBLIOTHÈQUE DE LA MAISON DU MEXIQUE

Logo 1 Logo 2

La casa de los azulejos (notice nᵒ 6342)

détails MARC
000 -Sello discográfico
campo de control de longitud fija 01352nam a2200337 4500
005 - Identificación de versión
campo de control 20251016084633.0
010 ## - Número Estándar Internacional de Libros (ISBN)
Número (ISBN) 968-12-1041-7
099 ## - fechas locales
Tipo de ítem Koha LIBRO
100 ## - Datos de procesamiento general
Datos de procesamiento general 20230219d1986 m y1spay5003 ba
105 ## - Campo de datos codificados: Material textual, monográfico
Datos codificados de monografía a 001zy
200 1# - Título y mención de responsabilidad
Título propio La casa de los azulejos
Designación general del material texto impreso
Otra información del título reseña histórica del Palacio de los Condes del Valle de Orizaba
Primer mención de responsabilidad Magdalena Escobosa de Rangel
Declaración de responsabilidad subsiguiente fotografías Sebastián Saldívar
210 ## - Publicación, distribución, etc.
Lugar de publicación, distribución, etc. México
Nombre del editor, distribuidor, etc. San Angel Ediciones
Fecha de publicación, distribución, etc. 1986
215 ## - Descripción física
Designación de material específico y extensión del ítem 131 p
Otras características físicas fot., il.
Dimensiones 31 cm
300 ## - Notas generales
Texto de la nota Incluye referencias bibliográficas p.117-126
318 ## - Nota de acción
Acción No se presta a domicilio
345 ## - Nota de información de adquisición
Fuente de adquisición/dirección de la suscripción [OBSOLETO] Donación Alain Musset
601 ## - Nombre de entidad corporativa utilizado como temática
Elemento de entrada Casa de los Azulejos (Ciudad de México)
Número Koha 12069
606 ## - Término temático usado como materia
Elemento de entrada Azulejos
Subdivisión geográfica México (Ciudad)
Número Koha 12070
606 ## - Término temático usado como materia
Elemento de entrada Decoración y ornamentación arquitectónica
Subdivisión geográfica México (Ciudad)
Número Koha 12071
607 ## - Nombre geográfico utilizado como tema
Elemento de entrada Ciudad de México
Subdivisión temática Edificios, estructuras, etc
Número Koha 1325
660 ## - Código de área geográfica
Código MX
700 ## - Nombre personal - Responsabilidad primaria
Elemento de entrada Escobosa Hass de Rangel
Parte del nombre distinta del elemento de entrada Magdalena
Número Koha 6351
702 ## - Nombre personal - Responsabilidad secundaria
Elemento de entrada Saldívar
Parte del nombre distinta del elemento de entrada Sebastián
Número Koha 12072
801 #0 - Fuente de origen
País FR
Agencia cm
Reglas de catalogación (convenciones descriptivas) AFNOR
900 ## -
-- 1/21916
900 ## -
-- 7100417642\080104
942 ## - ELEMENTOS DE ENTRADA SECUNDARIOS (KOHA)
Tipo de ítem Koha Livre
996 ## -
-- MEX
-- 751145101
-- MMAG
-- 007503
-- R729.09 E747C
-- 20230217LIV
Exemplaires
Estatus retirado Estado de daño Estado de pérdida Fecha de adquisición Biblioteca de origen Biblioteca actual Ubicación en estantería Código de barras Precio de reemplazo Signatura topográfica completa No para préstamo Tipo de ítem Koha Nota pública Nota no pública
      05/08/2025 Casa México Paris Casa México Paris   007503 05/08/2025 R729.09 E747C No se presta a domicilio Livre 20230217LIV 751145101